Tục để mả người Tày, người Nùng Cao Bằng

Về người Tày, người Nùng và những quan niệm về thể xác, mồ mả của con người, các vấn đề xoay quanh tục để mả của người Tày, người Nùng Cao Bằng

Сохранить в:
Библиографические подробности
Главный автор: Dương, Sách
Формат:
Язык:Undetermined
Опубликовано: Hà Nội Khoa học - Xã hội 2015
Предметы:
Метки: Добавить метку
Нет меток, Требуется 1-ая метка записи!
Thư viện lưu trữ: Trung tâm Học liệu Trường Đại học Cần Thơ
LEADER 00914nam a2200205Ia 4500
001 CTU_209671
008 210402s9999 xx 000 0 und d
082 |a 393.109597 
082 |b S102 
100 |a Dương, Sách 
245 0 |a Tục để mả người Tày, người Nùng Cao Bằng 
245 0 |c Dương Sách 
260 |a Hà Nội 
260 |b Khoa học - Xã hội 
260 |c 2015 
520 |a Về người Tày, người Nùng và những quan niệm về thể xác, mồ mả của con người, các vấn đề xoay quanh tục để mả của người Tày, người Nùng Cao Bằng 
650 |a Nghi thức tang lễ và các nghi lễ,Funeral rites and ceremonies 
650 |z Việt Nam,Vietnam 
904 |i Trần Thị Yến Nhi,Hải 
980 |a Trung tâm Học liệu Trường Đại học Cần Thơ